[Event "Villorba Vergani Cup 2nd"]
[Site "Villorba"]
[Date "2018.01.03"]
[Round "2"]
[White "Omeri, Silvan"]
[Black "Rahul, Srivatshav P"]
[Result "0-1"]
[WhiteElo "2221"]
[BlackElo "2317"]
[PlyCount "64"]
[EventDate "2018.01.02"]
[EventType "swiss"]
[EventRounds "9"]
[EventCountry "ITA"]
[SourceTitle "CBM 182 Extra"]
[Source "ChessBase"]
[SourceDate "2018.02.23"]
[SourceVersion "1"]
[SourceVersionDate "2018.02.23"]
[SourceQuality "1"]

1. Nf3 Nf6 2. d4 g6 3. Bf4 Bg7 4. e3 0-0 5. h3 d6 6. Nbd2 c5 7. c3 Nc6 8. Bc4 cxd4 9. exd4 e5 10. dxe5 dxe5 11. Be3 e4 12. Ng5 Ne5 13. Qb3 Qc7 14. Bd4 Nd3+ 15. Bxd3 exd3 16. 0-0 Bf5 17. Rfe1 Rfe8 18. g4 Bxg4 19. Bxf6 Bxf6 20. Nge4 Qf4 21. Nxf6+ Qxf6 22. hxg4 Qf4 23. Nf1 Qxg4+ 24. Ng3 d2 25. Red1 Rad8 26. Kg2 h5 27. Qb4 Qg5 28. Rh1 h4 29. Rxh4 Re1 30. Rh1 Qd5+ 31. Kh2 Qxh1+ 32. Nxh1 Rxa1 0-1

[Event "Villorba Vergani Cup 2nd"]
[Site "Villorba"]
[Date "2018.01.02"]
[Round "1"]
[White "Can, Isik"]
[Black "Omeri, Silvan"]
[Result "1-0"]
[WhiteElo "2389"]
[BlackElo "2221"]
[PlyCount "55"]
[EventDate "2018.01.02"]
[EventType "swiss"]
[EventRounds "9"]
[EventCountry "ITA"]
[SourceTitle "CBM 182 Extra"]
[Source "ChessBase"]
[SourceDate "2018.02.23"]
[SourceVersion "1"]
[SourceVersionDate "2018.02.23"]
[SourceQuality "1"]

1. e4 c5 2. Nf3 d6 3. d4 cxd4 4. Nxd4 Nf6 5. Nc3 a6 6. Bg5 e6 7. f4 Nbd7 8. Qf3 Qc7 9. 0-0-0 b5 10. Bd3 Bb7 11. Rhe1 Qb6 12. Nd5 exd5 13. Nc6 Nc5 14. exd5+ Kd7 15. Bxf6 Bxc6 16. dxc6+ Qxc6 17. Qh5 Kc7 18. Bxg7 Bxg7 19. Qxf7+ Kb6 20. Qxg7 Rad8 21. Qd4 a5 22. a3 Ka6 23. Kb1 Qxg2 24. a4 Nxd3 25. axb5+ Kxb5 26. Rxd3 Qc6 27. Rb3+ Ka6 28. Re7 1-0

[Event "Treviso op-A 1st"]
[Site "Treviso"]
[Date "2017.03.19"]
[Round "4.6"]
[White "Corvi, Marco"]
[Black "Omeri, Silvan"]
[Result "1-0"]
[WhiteElo "2302"]
[BlackElo "2207"]
[PlyCount "117"]
[EventDate "2017.03.17"]
[EventType "swiss"]
[EventRounds "5"]
[EventCountry "ITA"]
[SourceTitle "EXT 2024"]
[Source "ChessBase"]
[SourceDate "2023.10.10"]
[SourceVersion "1"]
[SourceVersionDate "2023.10.10"]
[SourceQuality "1"]

1. c4 Nf6 2. Nc3 e5 3. g3 Nc6 4. Bg2 Bc5 5. e3 0-0 6. Nge2 Re8 7. d3 a6 8. a3 Ne7 9. d4 exd4 10. exd4 Ba7 11. 0-0 d5 12. c5 c6 13. Bg5 Ng6 14. Nf4 Nxf4 15. Bxf4 b5 16. Re1 Bg4 17. Qd2 Qd7 18. Rxe8+ Rxe8 19. Re1 Bb8 20. Bg5 Rxe1+ 21. Qxe1 Qe6 22. Qe3 Ne8 23. h3 Bf5 24. Qxe6 fxe6 25. f4 Bc7 26. Kf2 h6 27. Bh4 Bc2 28. Ke3 Kf7 29. Bf3 a5 30. b4 a4 31. Bh5+ g6 32. Be2 Nf6 33. Bxf6 Kxf6 34. Bxb5 cxb5 35. Nxb5 Bb8 36. c6 Bb3 37. c7 Bxc7 38. Nxc7 Bc4 39. b5 Ke7 40. b6 Kd7 41. Nxe6 Kc6 42. Nf8 Kxb6 43. Nxg6 Bf1 44. h4 Bh3 45. Ne5 h5 46. Kd3 Kb5 47. Kc3 Bf5 48. Nf7 Kc6 49. Kb4 Bc2 50. Ne5+ Kd6 51. g4 hxg4 52. Nxg4 Ke6 53. Ne3 Bb3 54. Kc5 Ba2 55. Nxd5 Kf5 56. h5 Bb3 57. Nc3 Kxf4 58. d5 Kg5 59. d6 1-0

[Event "Venice Autumn op 23rd"]
[Site "Venice"]
[Date "2016.11.01"]
[Round "6"]
[White "Bouwens, Harko"]
[Black "Omeri, Silvan"]
[Result "0-1"]
[WhiteElo "1972"]
[BlackElo "2220"]
[PlyCount "116"]
[EventDate "2016.10.29"]
[EventType "swiss"]
[EventRounds "6"]
[EventCountry "ITA"]
[SourceTitle "CBM 175 Extra"]
[Source "ChessBase"]
[SourceDate "2016.12.12"]
[SourceVersion "1"]
[SourceVersionDate "2016.12.12"]
[SourceQuality "1"]

1. e4 Nf6 2. e5 Nd5 3. c4 Nb6 4. c5 Nd5 5. d4 d6 6. Bc4 dxc5 7. dxc5 e6 8. Qg4 c6 9. a3 Qa5+ 10. Nd2 h5 11. Qg3 Qxc5 12. Ngf3 b5 13. Bb3 h4 14. Qg4 h3 15. gxh3 Qe7 16. h4 Na6 17. Ne4 Nc5 18. Nd6+ Kd8 19. Bc2 f6 20. Bd2 Nb7 21. Nd4 Kc7 22. Nxc8 Rxc8 23. Nxe6+ Kb8 24. 0-0-0 fxe5 25. Bg5 Qf7 26. Qf5 Qxf5 27. Bxf5 Nd6 28. Bg6 Be7 29. h5 Bxg5+ 30. Nxg5 Rc7 31. Rhe1 Re7 32. Ne4 Kc7 33. Nc5 a5 34. Nd3 Nc4 35. b3 Nxa3 36. Kb2 b4 37. Rxe5 Nb5 38. Rxe7+ Nxe7 39. Nc5 Nd5 40. Ne6+ Kb6 41. Rd3 Nbc3 42. Rf3 c5 43. Nxg7 a4 44. bxa4 c4 45. a5+ Kxa5 46. Rf5 Kb6 47. Bf7 Kc6 48. Bxd5+ Nxd5 49. Ne6 Re8 50. Nd4+ Kc5 51. Nc2 Re2 52. Kc1 Kd6 53. h6 b3 54. Rxd5+ Kxd5 55. Ne3+ Kc5 56. h7 b2+ 57. Kb1 c3 58. Ka2 Re1 0-1

[Event "Chioggia op-A 09th"]
[Site "Chioggia"]
[Date "2014.10.12"]
[Round "5"]
[White "Omeri, Silvan"]
[Black "Solomon, Kenny"]
[Result "0-1"]
[WhiteElo "2162"]
[BlackElo "2215"]
[PlyCount "144"]
[EventDate "2014.10.10"]
[EventType "swiss"]
[EventRounds "5"]
[EventCountry "ITA"]
[SourceTitle "EXT 2022"]
[Source "ChessBase"]
[SourceDate "2021.10.06"]
[SourceVersion "1"]
[SourceVersionDate "2021.10.06"]
[SourceQuality "1"]

1. d4 d6 2. c4 e5 3. dxe5 dxe5 4. Qxd8+ Kxd8 5. Nc3 Be6 6. b3 Nd7 7. g3 c6 8. Bg2 Bb4 9. Bb2 f6 10. Nf3 Nh6 11. 0-0 Ke7 12. Rfd1 Rhd8 13. a3 Ba5 14. Ne4 Nf7 15. b4 Bc7 16. Rac1 Nb6 17. Rxd8 Rxd8 18. Nc5 Bc8 19. e3 Bd6 20. Ne4 Na4 21. Ba1 Bc7 22. Bf1 Bg4 23. Kg2 Bf5 24. Nc3 Nxc3 25. Bxc3 Be4 26. Be2 Ng5 27. Rd1 Nxf3 28. Rxd8 Ng5+ 29. f3 Bxd8 30. fxe4 Nxe4 31. Be1 Nd6 32. c5 Nf7 33. e4 Ng5 34. Bd3 g6 35. a4 b6 36. cxb6 Bxb6 37. b5 cxb5 38. Bb4+ Kf7 39. a5 Bd4 40. h4 Ne6 41. Bxb5 f5 42. Kf3 h5 43. Bd3 Kf6 44. Bd6 Bc5 45. Bb8 Nd4+ 46. Kg2 Nc6 47. Bc7 Nb4 48. Bb1 Ke6 49. Bd8 Nc6 50. Ba2+ Kd6 51. Bg5 fxe4 52. Bb1 e3 53. Bxg6 e2 54. Bd2 Be3 55. Be1 Nd4 56. Bxh5 e4 57. Bb4+ Ke6 58. Bg4+ Kd5 59. a6 Nc2 60. Bxe2 Nxb4 61. g4 Ke5 62. g5 Kf5 63. Kg3 Bf4+ 64. Kh3 Be5 65. Kg2 Kf4 66. Kf2 Nd5 67. Bc4 Nc3 68. Be6 e3+ 69. Ke1 Kf3 70. Bc4 Bg3+ 71. Kf1 Bxh4 72. g6 Bf6 0-1

[Event "Chioggia op-A 09th"]
[Site "Chioggia"]
[Date "2014.10.12"]
[Round "4"]
[White "Vianello, Enrico"]
[Black "Omeri, Silvan"]
[Result "0-1"]
[WhiteElo "2112"]
[BlackElo "2162"]
[PlyCount "100"]
[EventDate "2014.10.10"]
[EventType "swiss"]
[EventRounds "5"]
[EventCountry "ITA"]
[SourceTitle "EXT 2022"]
[Source "ChessBase"]
[SourceDate "2021.10.06"]
[SourceVersion "1"]
[SourceVersionDate "2021.10.06"]
[SourceQuality "1"]

1. Nf3 c5 2. c4 Nc6 3. Nc3 g6 4. e3 Bg7 5. d4 b6 6. d5 Bxc3+ 7. bxc3 Na5 8. Bd3 d6 9. h3 Ba6 10. 0-0 Qd7 11. Qe2 Qa4 12. Nd2 0-0-0 13. Bb2 Nf6 14. Nb3 Bxc4 15. Nxa5 Bxd3 16. Qxd3 Qxa5 17. a4 c4 18. Qxc4+ Kb8 19. e4 Rc8 20. Qd4 Qc5 21. Rfd1 Qxd4 22. Rxd4 Rc5 23. Kf1 Rhc8 24. Ke2 Rc4 25. Kd3 Nd7 26. f4 Rxd4+ 27. cxd4 Nf6 28. g4 Kb7 29. g5 Nh5 30. Bc1 f5 31. gxf6 Nxf6 32. Bd2 Ka6 33. Rb1 Rb8 34. Rb5 Nh5 35. e5 Ng3 36. Rb1 b5 37. a5 Rc8 38. Rb4 Nf5 39. Bc3 Ne3 40. Rb3 Nxd5 41. Bd2 dxe5 42. fxe5 e6 43. Ke4 b4 44. h4 Kxa5 45. h5 gxh5 46. Rh3 Kb5 47. Rxh5 Rc7 48. Rh6 Rc6 49. Rxh7 a5 50. Rd7 b3 0-1

[Event "Basso Veronese op 7th"]
[Site "Casaleone"]
[Date "2014.05.16"]
[Round "1"]
[White "De Bortoli, Francesco"]
[Black "Omeri, Silvan"]
[Result "0-1"]
[WhiteElo "1793"]
[BlackElo "2186"]
[PlyCount "98"]
[EventDate "2014.05.16"]
[EventType "swiss"]
[EventRounds "5"]
[EventCountry "ITA"]
[SourceTitle "EXT 2015"]
[Source "ChessBase"]
[SourceDate "2014.11.20"]
[SourceVersion "1"]
[SourceVersionDate "2014.11.20"]
[SourceQuality "1"]

1. e4 c5 2. Nf3 d6 3. d4 cxd4 4. Nxd4 Nf6 5. Nc3 g6 6. Bg5 Nbd7 7. Qd2 a6 8. 0-0-0 b5 9. f3 Bb7 10. Bh6 Bxh6 11. Qxh6 Rc8 12. Kb1 Rxc3 13. bxc3 Qc7 14. c4 bxc4 15. c3 e5 16. Nc2 Ke7 17. Ne3 Nb6 18. Kc2 Qc5 19. Rb1 Bc6 20. Rxb6 Qxb6 21. Bxc4 Rb8 22. Bb3 a5 23. Qg7 Rf8 24. Kd3 Qc5 25. Rb1 Nh5 26. Qh6 Nf4+ 27. Kd2 a4 28. Qh4+ Kd7 29. Bc4 Qxe3+ 30. Kxe3 Nxg2+ 31. Kf2 Nxh4 32. Kg3 Nxf3 33. Kxf3 f5 34. Ke3 Bxe4 35. Bb5+ Bc6 36. Bxc6+ Kxc6 37. Rb4 Ra8 38. a3 Kc5 39. Kd3 f4 40. Ke4 g5 41. Rb7 h5 42. Rc7+ Kb5 43. Kd5 f3 44. Rb7+ Ka6 45. Rf7 g4 46. Kxd6 e4 47. Kc6 Rc8+ 48. Kd5 e3 49. Kd4 e2 0-1

[Event "Cipressina op-A 2nd"]
[Site "Venice"]
[Date "2013.11.29"]
[Round "1"]
[White "Battagin, Mose"]
[Black "Omeri, Silvan"]
[Result "0-1"]
[WhiteElo "1851"]
[BlackElo "2209"]
[PlyCount "48"]
[EventDate "2013.11.29"]
[EventType "swiss"]
[EventRounds "5"]
[EventCountry "ITA"]
[SourceTitle "EXT 2015"]
[Source "ChessBase"]
[SourceDate "2014.11.20"]
[SourceVersion "1"]
[SourceVersionDate "2014.11.20"]
[SourceQuality "1"]

1. e4 c5 2. Nf3 d6 3. Bb5+ Bd7 4. Bxd7+ Nxd7 5. 0-0 e6 6. c3 Ngf6 7. Qe2 Be7 8. d4 0-0 9. Rd1 Qc7 10. d5 exd5 11. exd5 c4 12. b3 Nb6 13. bxc4 Nxc4 14. Na3 Nxa3 15. Bxa3 Rfe8 16. Qd3 Rac8 17. Qf5 g6 18. Qh3 h5 19. Rab1 Ng4 20. Qg3 Bf8 21. Nd4 a6 22. Rb3 b5 23. Bc1 Qc4 24. Nc2 Qe2 0-1

[Event "Florence op 6th"]
[Site "Florence"]
[Date "2012.11.04"]
[Round "6"]
[White "Omeri, Silvan"]
[Black "Efimov, Igor"]
[Result "0-1"]
[WhiteElo "2194"]
[BlackElo "2406"]
[PlyCount "68"]
[EventDate "2012.11.01"]
[EventType "swiss"]
[EventRounds "7"]
[EventCountry "ITA"]
[SourceTitle "EXT 2014"]
[Source "ChessBase"]
[SourceDate "2013.11.20"]
[SourceVersion "1"]
[SourceVersionDate "2013.11.20"]
[SourceQuality "1"]

1. d4 d5 2. Nf3 Nf6 3. Bf4 g6 4. e3 Bg7 5. Bd3 0-0 6. h3 c5 7. c3 Qb6 8. Qb3 Nc6 9. Nbd2 c4 10. Qxb6 axb6 11. Bc2 b5 12. Ne5 Nd7 13. Nxc6 bxc6 14. 0-0 c5 15. a3 Bb7 16. Nf3 f6 17. dxc5 e5 18. Bg3 Nxc5 19. Rad1 Rad8 20. Ne1 f5 21. Nf3 Rfe8 22. Nd2 d4 23. cxd4 exd4 24. exd4 Rxd4 25. b4 Nd3 26. Bxd3 Rxd3 27. Nb1 Rxd1 28. Rxd1 c3 29. Rc1 Rc8 30. Bf4 c2 31. Nd2 Bb2 32. Nb3 Bd5 33. Nc5 Bxc1 34. Bxc1 Re8 0-1

[Event "Chioggia op-A 07th"]
[Site "Chioggia"]
[Date "2012.10.13"]
[Round "3"]
[White "Bacchini, Stefano"]
[Black "Omeri, Silvan"]
[Result "1/2-1/2"]
[WhiteElo "1958"]
[BlackElo "2203"]
[PlyCount "172"]
[EventDate "2012.10.12"]
[EventType "swiss"]
[EventRounds "5"]
[EventCountry "ITA"]
[SourceTitle "EXT 2014"]
[Source "ChessBase"]
[SourceDate "2013.11.20"]
[SourceVersion "1"]
[SourceVersionDate "2013.11.20"]
[SourceQuality "1"]

1. f4 d5 2. Nf3 c5 3. e3 Nc6 4. Be2 Nf6 5. d3 Qc7 6. 0-0 Bg4 7. Nbd2 e6 8. c3 Bd6 9. h3 Bh5 10. Nh4 Bxe2 11. Qxe2 g6 12. g4 0-0-0 13. Ng2 Nd7 14. e4 Kb8 15. Nf3 h6 16. e5 Be7 17. d4 cxd4 18. cxd4 Qb6 19. Be3 Rc8 20. Rfc1 f5 21. Rc3 Bb4 22. Rc2 Na5 23. Rac1 Rxc2 24. Rxc2 Nc4 25. Bf2 a6 26. Ne3 Nxe3 27. Qxe3 Qa5 28. Qb3 fxg4 29. hxg4 Rf8 30. Bg3 Be7 31. Rc6 Rc8 32. Rxe6 Rc1+ 33. Kg2 Bb4 34. Rxg6 Qb5 35. Nh2 h5 36. Kh3 hxg4+ 37. Rxg4 Rh1 38. Qf3 Rb1 39. f5 Ka7 40. b3 Rc1 41. f6 Qc6 42. Qf5 Nf8 43. f7 Be7 44. Rf4 Qh6+ 45. Kg2 Rd1 46. Qg5 Rd2+ 47. Rf2 Rd3 48. Qf4 Bg5 49. Qg4 Be3 50. Re2 Rxd4 51. Qf5 Re4 52. Ng4 Qg5 53. Qxg5 Bxg5 54. Rxe4 dxe4 55. Nf2 e3 56. Ne4 Bh6 57. Kf3 Kb6 58. Nf6 Kc6 59. Ng4 Bg5 60. Nxe3 Bxe3 61. Kxe3 Kd5 62. Kf4 Ke6 63. Ke4 Kxf7 64. Kd5 Ke7 65. Bf2 Ne6 66. Bc5+ Kd7 67. Bd6 b6 68. Ba3 Nc7+ 69. Ke4 Ke6 70. Bb2 Nd5 71. Bd4 b5 72. Bb2 Nb4 73. a3 Nc6 74. Bc3 a5 75. Bd4 a4 76. b4 Ne7 77. Bb2 Kd7 78. Kd4 Kc6 79. Bc1 Nf5+ 80. Ke4 Ng7 81. Bd2 Ne6 82. Bh6 Nc7 83. Be3 Ne6 84. Bh6 Nc7 85. Be3 Na6 86. Bh6 Nc7 1/2-1/2

[Event "Cavarzere op 14th"]
[Site "Cavarzere"]
[Date "2011.10.22"]
[Round "4.1"]
[White "Gallo, Enrico"]
[Black "Omeri, Silvan"]
[Result "0-1"]
[WhiteElo "2066"]
[BlackElo "2199"]
[PlyCount "50"]
[EventDate "2011.10.15"]
[EventType "swiss"]
[EventRounds "6"]
[EventCountry "ITA"]
[SourceTitle "EXT 2023"]
[Source "ChessBase"]
[SourceDate "2022.10.05"]
[SourceVersion "1"]
[SourceVersionDate "2022.10.05"]
[SourceQuality "1"]

1. e4 c5 2. Nf3 d6 3. d4 cxd4 4. Nxd4 Nf6 5. Nc3 a6 6. Bc4 e6 7. Be3 b5 8. Bb3 b4 9. Na4 Nxe4 10. Qe2 Nc5 11. 0-0-0 Nxb3+ 12. Nxb3 Nd7 13. Bd4 Qg5+ 14. Kb1 Qxg2 15. Qc4 Qb7 16. c3 d5 17. Qe2 Qc6 18. c4 dxc4 19. Nbc5 Nxc5 20. Nxc5 Bxc5 21. Bxg7 Rg8 22. Rhg1 Bb7 23. Ka1 Be7 24. Qh5 Qe4 25. Rd4 Qxd4 0-1

[Event "Chioggia op-A 06th"]
[Site "Chioggia"]
[Date "2011.10.07"]
[Round "1"]
[White "Omeri, Silvan"]
[Black "Zamengo, Bruno"]
[Result "0-1"]
[WhiteElo "2199"]
[BlackElo "1931"]
[PlyCount "138"]
[EventDate "2011.10.07"]
[EventType "swiss"]
[EventRounds "5"]
[EventCountry "ITA"]
[SourceTitle "EXT 2022"]
[Source "ChessBase"]
[SourceDate "2021.10.06"]
[SourceVersion "1"]
[SourceVersionDate "2021.10.06"]
[SourceQuality "1"]

1. Nf3 Nf6 2. c4 e6 3. d4 c5 4. Nc3 a6 5. e4 cxd4 6. Nxd4 Bb4 7. Bd3 0-0 8. 0-0 Nc6 9. Nxc6 bxc6 10. e5 Ne8 11. Ne4 f5 12. exf6 Nxf6 13. Bg5 d5 14. Nxf6+ gxf6 15. Bh6 Rf7 16. Qg4+ Kh8 17. cxd5 Bf8 18. Bxf8 exd5 19. Qa4 Qxf8 20. Qxc6 Bb7 21. Qc3 Rg7 22. Qd4 Qd6 23. f4 Rag8 24. Rf2 Bc8 25. Rc1 Bh3 26. Rcc2 Qe6 27. Rfe2 Qf7 28. Kh1 Qh5 29. Bxa6 Rg6 30. Bb7 Bf5 31. Rcd2 Rh6 32. Qg1 Be4 33. Rxe4 dxe4 34. Bxe4 Qa5 35. Qd1 f5 36. Bf3 Qb4 37. g3 Rxg3 38. Rd8+ Rg8 39. Qd4+ Qxd4 40. Rxd4 Rhg6 41. Rd1 Rb6 42. b3 Rb4 43. Ra1 Rxf4 44. Bd5 Rd8 45. Bc4 Rf2 46. a4 Rdd2 47. a5 Rxh2+ 48. Kg1 Rdg2+ 49. Kf1 f4 50. Bd5 Ra2 51. Rxa2 Rxa2 52. b4 Ra4 53. Bc6 Rxb4 54. a6 Rb1+ 55. Ke2 Ra1 56. Bb7 Kg7 57. Kf3 Ra4 58. Be4 Rxa6 59. Kxf4 Ra4 60. Ke3 h6 61. Bg2 Kf6 62. Kf2 Kg5 63. Kg3 Ra3+ 64. Kh2 h5 65. Bd5 Kh4 66. Bf7 Rf3 67. Bg6 Rf2+ 68. Kg1 Rb2 69. Kf1 Kg4 0-1

[Event "Mestre Ragazzini Memorial 2nd"]
[Site "Mestre"]
[Date "2011.05.20"]
[Round "1"]
[White "Omeri, Silvan"]
[Black "Rossi, Gianni"]
[Result "1-0"]
[WhiteElo "2201"]
[BlackElo "1813"]
[PlyCount "86"]
[EventDate "2011.05.20"]
[EventType "swiss"]
[EventRounds "5"]
[EventCountry "ITA"]
[SourceTitle "EXT 2014"]
[Source "ChessBase"]
[SourceDate "2013.11.20"]
[SourceVersion "1"]
[SourceVersionDate "2013.11.20"]
[SourceQuality "1"]

1. e4 Nf6 2. e5 Nd5 3. d4 d6 4. c4 Nb6 5. exd6 cxd6 6. Nc3 g6 7. Be3 Bg7 8. Nf3 0-0 9. Be2 Nc6 10. Rc1 Bg4 11. b3 d5 12. c5 Nc8 13. 0-0 e6 14. h3 Bxf3 15. Bxf3 N8e7 16. Ne2 Nf5 17. Qd2 Nh4 18. b4 Nxf3+ 19. gxf3 e5 20. b5 Na5 21. Bg5 f6 22. Bh4 Nc4 23. Qd3 Qd7 24. Rxc4 dxc4 25. Qxc4+ Kh8 26. d5 Qxh3 27. Qg4 Qxg4+ 28. fxg4 a6 29. a4 axb5 30. axb5 Ra4 31. f3 Bh6 32. c6 Be3+ 33. Bf2 Bxf2+ 34. Kxf2 bxc6 35. bxc6 Rc4 36. Rc1 Rxc1 37. Nxc1 Rc8 38. Nd3 Kg7 39. Nc5 Kf7 40. Nb7 Rc7 41. d6 Rxc6 42. d7 Rc2+ 43. Ke3 Rc3+ 1-0

[Event "Venice Autumn op 16th"]
[Site "Venice"]
[Date "2010.11.01"]
[Round "5.5"]
[White "Omeri, Silvan"]
[Black "Capaliku, Aleks"]
[Result "0-1"]
[WhiteElo "2204"]
[BlackElo "2088"]
[PlyCount "112"]
[EventDate "2010.10.30"]
[EventType "swiss"]
[EventRounds "5"]
[EventCountry "ITA"]
[SourceTitle "EXT 2011"]
[Source "ChessBase"]
[SourceDate "2010.11.26"]
[SourceVersion "1"]
[SourceVersionDate "2010.11.26"]
[SourceQuality "1"]

1. e4 e5 2. Nf3 Nc6 3. Bb5 a6 4. Ba4 f5 5. d3 fxe4 6. dxe4 Nf6 7. Bg5 d6 8. Nc3 Be7 9. Bxf6 Bxf6 10. Qd5 Bd7 11. 0-0-0 Qe7 12. Kb1 Qf7 13. Qxf7+ Kxf7 14. Nd5 Rac8 15. c3 Be6 16. Nxf6 gxf6 17. Nd2 b5 18. Bb3 Na5 19. Kc2 c5 20. Bxe6+ Kxe6 21. Nf1 Nc4 22. b3 Nb6 23. Ne3 c4 24. b4 Rhd8 25. Nd5 Nxd5 26. Rxd5 f5 27. f3 fxe4 28. fxe4 Rf8 29. Rd2 Rf4 30. Rhd1 Rd8 31. Re2 Rdf8 32. Rdd2 Rf1 33. Rd1 h5 34. Rxf1 Rxf1 35. g3 Rf3 36. Kb2 Rd3 37. Kc2 Kf6 38. Rf2+ Kg5 39. Rf5+ Kg4 40. Rf7 Kh3 41. Rh7 Kxh2 42. g4 h4 43. Rxh4+ Kg3 44. Rh6 Kxg4 45. Rf6 Kg5 46. Rf5+ Kg6 47. Rf8 d5 48. Rf5 dxe4 49. Rxe5 e3 50. a4 Kf6 51. Re8 bxa4 52. Rc8 Rd2+ 53. Kc1 a3 54. Rxc4 a2 55. Rc6+ Ke7 56. Rxa6 Rh2 0-1